00238 a2200121 4500001000700000040003500007100002100042240001700063245001200080300000700092362000900099440000800108157329 cEscola São Tomás de Aquino aLIMA, Silva Lima10aRap rualpor10aRap rua a230 a2004 1aRHJ